000
00429nam a2200133Ia 4500
008
100328s9999 xx 000 0 und d
082
_b
19791
100
_a
बोरगावकर शकुंतला
245
_a
जावई चालून आला
260
_b
भास्कर गोळे
630
_a
जावई चालून आला
730
_a
जावई चालून आला
942
_c
BOOK
999
_c
514049
_d
514046